2025: Highest Grossing Films - Statistics

General Stats
  • This quiz has been taken 26 times
  • The average score is 6 of 15
Answer Stats
Hint Answer % Correct
$321,236,792 Zootopia 2
72%
$279,653,537 Sinners
64%
$262,958,100 How to Train Your Dragon
48%
$354,184,465 Superman
48%
$423,949,195 A Minecraft Movie
44%
$216,914,790 Avatar: Fire and Ash
44%
$423,778,855 Lilo & Stitch
44%
$274,286,610 The Fantastic Four: First Steps
36%
$333,008,650 Wicked: For Good
36%
$339,640,400 Jurassic World: Rebirth
32%
$200,500,001 Captain America: Brave New World
28%
$190,274,328 Thunderbolts*
28%
$197,413,515 Mission: Impossible - The Final Reckoning
24%
$177,753,512 The Conjuring: Last Rites
24%
$189,527,111 F1: The Movie
16%
No matching quizzes found
Score Distribution
Percent of People with Each Score
Percentile by Number Answered
Your Score History
You have not taken this quiz